000 00573cam a2200169 i 4500
005 20251108171732.0
008 250721s2002 jo gr 000 0 ara d
082 1 4 _a152.4
_bد ل ف
100 1 _aالدلفي، محسن علي
_eمؤلف.
245 1 2 _aالفرح والسعادة والتطور /
_cالدكتور محسن علي الدلفي.
264 3 1 _aعمان :
_bجهينة للنشر والتوزيع،
_c2002.
300 _a411 صفحة.
650 1 7 _aعلم النفس.
650 1 7 _aالعواطف.
942 _2ddc
_cBK
999 _c61165
_d61165